Los diez mandamientos
שמור ב:
| Main Authors: | , , |
|---|---|
| פורמט: | ספר |
| שפה: | ספרדית |
| יצא לאור: |
Madrid
Alianza
1969
|
| מהדורה: | 1a. ed |
| סדרה: | El Libro de Bolsillo. Sección: Literatura, 179
|
| נושאים: | |
| תגים: |
הוספת תג
אין תגיות, היה/י הראשונ/ה לתייג את הרשומה!
|
MARC
| LEADER | 00000nam a2200000 a 4500 | ||
|---|---|---|---|
| 001 | UCH8771 | ||
| 003 | CL-VaPUC | ||
| 008 | 091211e19690000SP |||||||||||||||||spa|d | ||
| 082 | 0 | 4 | |a 830 |b BOL |2 21 |
| 100 | 0 | |a Böll, Heinrich |e author |9 322036 | |
| 700 | 0 | |a Eisenreich, Herbert |e author |9 545397 | |
| 700 | 0 | |a Weyrauch, Wolfgang |e author |9 545398 | |
| 245 | 1 | 4 | |a Los diez mandamientos |
| 250 | |a 1a. ed | ||
| 300 | |a 2264 p | ||
| 942 | |c BK | ||
| 945 | |d 20091211 00:00:00 |a cmena | ||
| 260 | |a Madrid |b Alianza |c 1969 | ||
| 650 | 0 | |a Literatura alemana |9 265457 | |
| 650 | 0 | |a Novelas alemanas |9 265783 | |
| 583 | |a last modification |c 20091211 00:00:00 |k Rodrigo Vera | ||
| 490 | 0 | |a El Libro de Bolsillo. Sección: Literatura, 179 | |
| 999 | |c 338879 |d 338877 | ||
| 952 | |0 0 |1 0 |4 0 |6 830_000000000000000_BOL_1969 |7 0 |8 C |9 432149 |a BIBCUR |b BIBCUR |d 2019-11-22 |i 4582586 |o 830 BOL 1969 |p 4582586 |r 2025-04-22 |w 2019-11-22 |y BK |k CAC | ||